[Event "Rohde op 10th"]
[Site "Sautron"]
[Date "2010.10.25"]
[Round "4"]
[White "Stets, Dmitry"]
[Black "Gajewski, Grzegorz"]
[Result "0-1"]
[WhiteElo "2454"]
[BlackElo "2568"]
[Annotator "Primel,D"]
[PlyCount "46"]
[EventDate "2010.10.23"]
[EventType "swiss"]
[EventRounds "9"]
[EventCountry "FRA"]
[SourceTitle "EXT 2012"]
[Source "ChessBase"]
[SourceDate "2011.11.24"]
[SourceVersion "1"]
[SourceVersionDate "2011.11.24"]
[SourceQuality "1"]

1. e4 c5 2. Nf3 d6 3. d4 cxd4 4. Nxd4 Nf6 5. Nc3 a6 6. Be3 e5 (6... e6) 7. Nb3
(7. Nf3) 7... Be7 (7... Be6 {la grande ligne}) 8. Qd2 (8. Be2 {plus courant})
8... O-O (8... Be6 9. f3 O-O 10. O-O-O) 9. O-O-O Be6 10. f4 $5 {Une ligne
secondaire trés peu jouée} (10. f3 {[%cal Gg2g4] La grande ligne de l'attaque
anglaise}) 10... b5 {la préparation du polonais sur une partie précédente du MI
} ({RR} 10... exf4 11. Bxf4 Nh5 12. g3 Nc6 13. Kb1 Nxf4 14. gxf4 Rc8 15. Nd5
Bf6 16. Nxf6+ Qxf6 17. Nc1 Rfd8 18. Rg1 Ne7 19. Ne2 d5 20. e5 Qh6 21. Ng3 Kh8
22. Bd3 Bg4 23. Rdf1 Bh3 24. Rf2 Re8 25. a3 {Morozevich,A (2755)-Van Wely,L 
(2680)/Kemer 2007/CBM 121/1/2-1/2 (56)}) (10... Ng4 {[%cal Gg4e3] La ligne
critique pour profiter du fait que les Blancs n'ont pas joué f3} 11. g3 Nxe3
12. Qxe3 Nc6 13. Nd5 a5 14. a4 Nb4 15. Nxb4 axb4 16. Bb5 Qc7 17. Kb1 Rfc8 18.
Qd3 b6 19. Rhe1 Rd8 20. Nd2 Qc5 21. f5 Bc8 22. Nc4 Bb7 23. Ne3 Rac8 24. h4 Ba8
25. Re2 {Stets,D (2390)-Fargere,F (2339)/Val Thorens 2007/EXT 2010/1-0 (44)})
11. f5 Bd7 (11... Bc4 12. g4 Nxg4 $13 {Najer,E (2681)-Sjugirov,S (2585) RUS-ch
Higher League 62nd 2009 (8) 1/2}) 12. Be2 $6 $146 {Trop lent} ({RR} 12. Rg1 b4
13. Nd5 Nxd5 14. Qxd5 Bc6 15. Qc4 a5 16. Kb1 a4 17. Nc1 b3 18. g4 bxc2+ 19.
Qxc2 Qd7 20. Ne2 Na6 21. a3 Qb7 22. Nc3 Rfc8 23. g5 Rab8 24. Rg2 Be8 25. f6 Bf8
26. fxg7 Kxg7 {Zhigalko,S (2622)-Dziuba,M (2535)/Lublin 2009/CBM 131/0-1 (43)})
(12. g4 $5 Nxg4 13. Rg1 Nxe3 14. Qxe3 Kh8 15. Nd5 {Gomez Garrido,C (2461)-Vera
Gonzalez Quevedo,R (2499) CUB-ch 46th Ciego de Avila 2010 (6) 0-1} (15. f6 $5
Bxf6 16. Rxd6 Qe7 (16... Qc7 17. Rxf6 $1) 17. Rd1 {[%cal Gc3d5]})) 12... Bc6
13. Bf3 a5 $1 {l'attaque noire est plus rapide} 14. Qd3 (14. a3 b4 $40) 14...
a4 {[%csl Rb3]} 15. Nd2 a3 $40 16. b3 Na6 {[%csl Gb4]} 17. Kb1 Qa5 18. Nf1 Rac8
{[%cal Gc8c3,Ga5c3]} 19. Qd2 $2 (19. Ng3 {[%cal Gg3e4]} Nb4 20. Qe2 Rfd8 $17)
19... b4 20. Nd5 Bxd5 21. exd5 Nc7 $19 22. Qd3 Nb5 23. Bd2 Rc3 0-1

[Event "Belgrade RAD 30"]
[Site "Belgrade"]
[Date "1977.01.17"]
[Round "3.7"]
[White "Sax, Gyula"]
[Black "Bukic, Enver"]
[Result "1/2-1/2"]
[WhiteElo "2565"]
[BlackElo "2480"]
[Annotator "Primel,D"]
[PlyCount "87"]
[EventDate "1977.01.15"]
[EventType "tourn"]
[EventRounds "13"]
[EventCountry "SRB"]
[EventCategory "9"]
[SourceTitle "EXT 2018"]
[Source "ChessBase"]
[SourceDate "2017.10.13"]
[SourceVersion "1"]
[SourceVersionDate "2017.10.13"]
[SourceQuality "1"]
[TimeControl "40/9000:16/5400:0"]

1. e4 c5 2. Nf3 d6 3. d4 cxd4 4. Nxd4 Nf6 5. Nc3 a6 6. Be3 e5 7. Nf3 Qc7 8. Bg5
Nbd7 9. a4 Be7 10. Nd2 h6 11. Bh4 g5 12. Bg3 Nf8 13. h4 $146 {Une tentative
d'amélioration sur une partie jouée par le yougoslave quelques mois plus tôt
} (13. Bc4 Be6 14. Bb3 h5 15. h3 h4 16. Bh2 N8d7 17. Qe2 Nc5 18. Bxe6 Nxe6 19.
a5 Rc8 20. Ra4 Nd4 21. Qd1 Nb5 22. Rc4 {1/2-1/2 (22) Hort,V (2600)-Bukic,E 
(2500) Banja Luka 1976}) 13... g4 $5 14. Bc4 Be6 15. Bb3 N8d7 16. Qe2 Nc5 17.
Bc4 Qb6 (17... O-O) (17... Rc8 {[%cal Gc5e4]}) 18. Ra2 Rc8 19. O-O Qb4 20. Nd5
Bxd5 21. c3 $1 Qb6 22. exd5 Qc7 23. f4 $1 gxf3 24. Qxf3 Rg8 25. Be2 Ncd7 26. c4
a5 $1 {[%csl Gb4]} 27. Ne4 {[%csl Rf7]} Rg7 $8 {Une longue suite de coups
uniques pour les Noirs mais les Blancs ont du mal à avoir une forte attaque}
28. Ra3 $1 Nxe4 29. Qxe4 Nf6 30. Qe3 h5 31. Rb3 Ng4 32. Bxg4 hxg4 33. h5 (33.
Kh1 Qc5 34. Qh6) 33... Qc5 34. Qxc5 Rxc5 35. Rxb7 Rxc4 $11 36. Ra7 Bd8 37. Ra8
Kd7 38. b3 Rc5 39. Ra7+ Ke8 40. Rd1 Rh7 41. Bf2 Rc2 42. Ra8 Kd7 43. Ra7+ Ke8
44. Ra8 1/2-1/2

[Event "Geneva FIDE GP"]
[Site "Geneva"]
[Date "2017.07.10"]
[Round "5"]
[White "Inarkiev, Ernesto"]
[Black "Salem, AR Saleh"]
[Result "1-0"]
[WhiteElo "2707"]
[BlackElo "2638"]
[Annotator "Quintiliano,R"]
[PlyCount "85"]
[EventDate "2017.07.06"]
[EventType "swiss"]
[EventRounds "9"]
[EventCountry "SUI"]
[SourceTitle "CBM 180"]
[Source "ChessBase"]
[SourceDate "2017.09.13"]
[SourceVersion "1"]
[SourceVersionDate "2017.09.13"]
[SourceQuality "1"]

1. e4 c5 2. Nf3 d6 3. d4 cxd4 4. Nxd4 Nf6 5. Nc3 a6 6. f3 e5 7. Nb3 Be6 8. Be3
h5 9. Qd2 Nbd7 10. Nd5 Nxd5 {This option is much less played than 10...Bxd5,
but the fact that Inarkiev has a good score in that line could have influenced
Salem in his choice.} (10... Bxd5 11. exd5 {is the main line, as the knight
seems more useful to play against White's pawns advancing on queenside.}) 11.
exd5 Bf5 {The thing is that here White has a clear plan to follow, pushing his
queenside pawns to grab space or create a passed pawn. This is the
straightforward plan, but in this game Inarkiev shows a different approach for
White.} 12. Be2 Rc8 {This move was used once by Nakamura to beat Caruana.} (
12... Be7 {is the most played, in general White follows the same plan} 13. O-O
O-O 14. Na5 Qc7 15. c4 {[%cal Yb2b4]}) 13. c4 ({That game went} 13. Rc1 Qh4+ $5
{a good move to force weaknesses in White's camp} 14. g3 Qf6 15. O-O Be7 (15...
h4 $2 16. g4 Bh7 17. Bg5 Qg6 18. Bd3 $18 {[%csl Rg6]}) 16. Na5 $1 {[%csl Yb7]
[%cal Gc2c4,Gb2b4] A typical manouevre in this variation, On a5 the knight
exerts pressure on b7 and frees the path for the b-pawn in order to play c4-b4.
} Rc7 17. Bd3 O-O 18. c4 Bxd3 19. Qxd3 Re8 20. b4 Bf8 {Caruana,F (2774)
-Nakamura,H (2784) Moscow Tal Memorial 8th 2013 (4) 0-1} 21. Nb3 {[%cal Yc4c5]}
Rec8 22. a4 $14 {and White has the easier game.}) 13... Qh4+ $5 14. g3 $146 (
14. Bf2 Qf6 15. O-O Be7 16. Na5 Rc7 17. b4 Qg6 {[%cal Yf5h3]} 18. Be3 O-O 19.
Rac1 e4 20. f4 Bh3 21. Bd1 h4 $2 22. c5 $36 {Yagupov,I (2372)-Pulpan,J (2368)
28th Czech Open E 2017 (7.5) 1-0}) 14... Qf6 {[%cal Gh5h4] Black hopes to
exploit White's last move in his favour with h4-ideas.} 15. Na5 Rc7 16. O-O-O
$5 {This is an unexpected but very interesting move, which shows White's
agressive ideas. At first sight, the white king seems to be in a dangerous
position, but it's not easy to see how Black can exploit this. Besides, White
has now finished his development and is ready for active actions.} Be7 ({
for example} 16... b5 $2 17. Nc6 $16 {[%cal Yd2a5]}) 17. Rhf1 $1 {[%cal Yg3g4]
As said, White has mobilised all his forces quickly and is now looking for
concrete ideas.} Qg6 18. b3 {A good move, giving the b2-square for his king.}
O-O ({Knowing the game's continuation} 18... e4 $1 {seems to be better:} 19.
fxe4 (19. g4 $2 hxg4 20. fxg4 Bxg4 21. Rg1 Ne5 $17) (19. f4 Nc5 {[%cal Yc5d3]})
19... Bxe4 {and as Black is playing moves like ...Ne5 or ...Bf6 soon, there's
nothing better than} 20. Bd3 Bxd3 21. Qxd3 Qxd3 22. Rxd3 Bf6 $11) 19. h4 $1 {
A very nice idea, which puts Black face to face with a challenge, and Salem is
not the kind of player who refuses a good fight...} (19. g4 hxg4 20. fxg4 Be4 {
seems ok for Black.}) 19... Qxg3 $2 {But now Black's position becomes very
dangerous, as White can develop the initiative while gaining time.} (19... e4
$1 {looks like the better option again, but Black needs to play precisely after
} 20. g4 $1 hxg4 21. h5 $1 Qf6 $1 {[%csl Ra1]} (21... Qxh5 22. Rh1 Qg6 23. fxg4
Bxg4 24. Bxg4 Qxg4 25. Qh2 f5 26. Rdg1 $18) 22. Bd4 Qh4 (22... Qg5 23. fxg4
Qxd2+ 24. Kxd2 Bh7 25. b4 $14) 23. Rh1 Qg5 24. fxg4 Bh7 (24... Qxd2+ 25. Kxd2
Bh7 26. b4 $14) 25. Qxg5 Bxg5+ 26. Kb2 Re8 27. b4 Nf6 $132 {[%cal Ye4e3,Gf6e4]}
) (19... Rfc8 20. Rg1 Nf6 21. Bg5 $36 {[%cal Yg3g4]}) 20. Rg1 {Inarkiev
sacrifices two pawns, but in return obtains a promissing attack and the open
h-file.} Qxh4 21. Rh1 Qf6 22. Rxh5 $40 Bg6 (22... e4 {now seems dangerous} 23.
Bd4 Ne5 24. Rdh1 g5 $8 (24... g6 $2 25. Rh8+ Qxh8 26. Rxh8+ Kxh8 27. Bxe5+ dxe5
28. d6 $18) 25. Rh6 Bg6 26. fxe4 Qf4 {Black is able to exchange queens but his
position remains difficult after} 27. Qxf4 gxf4 28. Bh5 $1 Bg5 29. Bxg6 Bxh6
30. Bxe5 fxg6 (30... dxe5 31. Bf5 Kg7 32. d6 Rc5 33. Nxb7 $18 {[%csl Yc4,Yd6]
[%cal Yd6d8]}) 31. Bxd6 f3+ 32. Kd1 $16) (22... g6 23. Rg1 {[%cal Ye3g5]} Re8
24. Bg5 Qg7 25. Bxe7 $18 {[%cal Gh5f5]}) 23. Rh2 Qf5 $1 {Using mating threats
along the diagonal, Black manages to close the h-file using his pieces.} 24.
Kb2 Nf6 25. Rdh1 Nh7 26. Bd1 $1 {[%cal Yd1c2] This nice manoeuvre shakes
Black's defensive setup.} Bf6 (26... Qb1+ 27. Ka3 Qf5 28. Qc3 $1 {[%cal Yd1c2]
renewing the threat} Bf6 29. Bc2 e4 30. Qd2 {transposes to the game.}) 27. Bc2
e4+ 28. Ka3 Qxf3 {Black's position is already quite difficult.} 29. Bd1 Qg3 (
29... Qf5 30. Bh5 $18) 30. Rh3 {Increasing the pressure along the h-file.} Qe5
31. Bf4 Qf5 32. Qh2 {[%cal Yd1h5] Bh5 is coming and it seems pretty difficult
for Black to avoid material losses.} Rd8 (32... Be5 33. Bxe5 Qxe5 34. Rxh7 $18)
33. Bh5 b6 $1 {The best chance.} 34. Bxg6 (34. Nc6 $2 Rxc6 $1 {[%cal Gf5a5]})
34... fxg6 35. Rxh7 Kf7 $5 {As the knight cannot go to c6 (36.Nc6? Rxc6! 37.
dxc6 Qa5#), Black tries to gain a tempo avoiding Rh8 with check.} (35... bxa5
36. Rf1 $1 Kf7 37. Qh1 $1 $18 {[%cal Yf4h6]}) 36. Bh6 $6 {But now Black has
chances, although his position is very difficult.} (36. Rf1 $1 bxa5 37. Qh1 $1
{[%cal Gf4d6,Gf4h6] was a nice way to finish} Qd7 38. Bg5 {and Black is
totally lost.}) 36... Rg8 37. Qg2 bxa5 $2 {This makes things easier for White.}
(37... g5 $3 {[%csl Ya5,Yh6][%cal Gf5h7] was the amazing resource, and
suddenly three white pieces are hanging!} 38. Bxg7 (38. Bxg5 Qxg5 39. Qxg5 Bxg5
40. Nc6 Bf6 {this endgame seems even better for Black}) (38. Rxg7+ Rxg7 39. Rf1
Qe5 $17) 38... Rxg7 39. R7h6 {[%cal Yh1f1]} Rg6 40. Rh7+ Rg7 41. R7h6 $11) 38.
Rf1 {Now Black is totally lost again.} Qe5 39. Bg5 {[%cal Yf1f8,Yh7c7] Too
many pins!} Qf5 40. Bxf6 Kxf6 41. Rhh1 Re7 42. Rhg1 Ke5 43. Qg3+ {Despite one
inacurracy at the end, when Black had an amazing defensive resource, I think
it was a great attacking game by Inarkiev, with an interesting example of how
to open lines towards the black king in this variation.} 1-0

[Event "Cappelle op 31st"]
[Site "Cappelle la Grande"]
[Date "2015.03.01"]
[Round "2"]
[White "Tazbir, Marcin"]
[Black "Areshchenko, Alexander"]
[Result "1/2-1/2"]
[WhiteElo "2518"]
[BlackElo "2661"]
[Annotator "RR"]
[PlyCount "73"]
[EventDate "2015.02.28"]
[EventType "swiss"]
[EventRounds "9"]
[EventCountry "FRA"]
[SourceTitle "EXT 2016"]
[Source "ChessBase"]
[SourceDate "2015.10.08"]
[SourceVersion "1"]
[SourceVersionDate "2015.10.08"]
[SourceQuality "1"]

1. e4 c5 2. Nf3 d6 3. d4 cxd4 4. Nxd4 Nf6 5. Nc3 a6 6. h3 {La variante à la
mode} e5 7. Nde2 b5 8. g4 (8. Bg5 Nbd7 9. Nd5 Bb7 10. Nec3 Rc8 11. Nxf6+ Nxf6
12. a4 b4 13. Nd5 Be7 14. Bxf6 Bxf6 15. Nxb4 O-O 16. c3 Bxe4 17. Bxa6 Rc5 18.
O-O Ba8 19. Re1 d5 20. Bf1 e4 21. Nc2 Be5 22. Nd4 Bb8 23. g3 Qb6 24. Qe2 Rcc8
25. a5 Qg6 26. Qg4 Qh6 27. h4 Kh8 28. Qg5 Qd6 29. Nf5 Qe5 30. f4 h6 31. Qxh6+
gxh6 32. fxe5 Bxe5 33. Be2 Rb8 34. Ra2 Kh7 35. Rd1 Rb3 36. Kf2 Rfb8 37. Rd2 Kg6
{Radjabov,T (2734)-Wojtaszek,R (2744) Wijk aan Zee 2015 1-0}) 8... b4 9. Nd5
Nxd5 10. Qxd5 Ra7 11. Be3 Be6 12. Qd3 Rb7 $5 $146 (12... Rd7 13. c4 Be7 14. Ng3
g6 {1/2-1/2 (14) Wang,P (1971)-Molvig,H (2198) Borup 2012}) 13. Bg2 Be7 14. O-O
O-O 15. c4 Nd7 16. b3 a5 $1 $11 17. f4 Nc5 18. Qc2 a4 19. Rad1 Qb6 20. f5 Bd7
21. f6 $1 axb3 22. axb3 Bxf6 23. Rxf6 {La suite logique du sacrifice f6 et la
Qb6 est mal placée pour défendre l'aile-roi} gxf6 24. Ng3 Re8 25. Nh5 $44 (
25. Rf1 Qd8 (25... Re6)) 25... Re6 26. Qf2 Qd8 27. Rf1 (27. Qh4 $1 {[%cal
Gd1f1]} Bc6 $4 (27... Qe7 {[%csl Re6]} 28. Rf1 $40) (27... Kh8 28. Rf1 $36) 28.
Bxc5 {La différence avec l'ordre de coups de la partie}) 27... Bc6 28. Qf5 $5
(28. Nxf6+ $2 Qxf6 29. Qxf6 Rxf6 30. Rxf6 Nxb3) (28. Bxc5 $5 {Moins risqué}
dxc5 29. Nxf6+ Rxf6 30. Qxf6 Qxf6 31. Rxf6 Rc7 32. Rd6 {[%cal Gg1e3]}) 28...
Nxb3 29. g5 Kh8 30. Nxf6 Rxf6 31. gxf6 Nc5 32. Bh6 Ne6 33. Qg4 b3 {La
nouveauté Rb7 apparait très efficace dans cette partie} 34. Bg7+ Kg8 35. Bh6+
Kh8 36. Bg7+ Kg8 37. Bh6+ {Une belle partie} 1/2-1/2

[Event "Excelsior Cup"]
[Site "Gothenburg"]
[Date "2002.01.09"]
[Round "2"]
[White "Rytshagov, Mikhail"]
[Black "Sammalvuo, Tapani"]
[Result "1/2-1/2"]
[WhiteElo "2513"]
[BlackElo "2433"]
[Annotator "RR"]
[PlyCount "140"]
[EventDate "2002.01.08"]
[EventType "tourn"]
[EventRounds "9"]
[EventCountry "SWE"]
[EventCategory "9"]
[SourceTitle "EXT 2003"]
[Source "ChessBase"]
[SourceDate "2002.11.25"]
[SourceVersion "1"]
[SourceVersionDate "2002.11.25"]
[SourceQuality "1"]

1. e4 c5 2. Nf3 d6 3. d4 cxd4 4. Nxd4 Nf6 5. Nc3 a6 6. Be3 Ng4 7. Bc1 Nf6 8.
Be3 Ng4 9. Bg5 h6 10. Bh4 g5 11. Bg3 Bg7 12. Be2 h5 13. Bxg4 hxg4 14. O-O Nc6
15. Nf5 Bxc3 16. bxc3 Qa5 17. Ne3 Be6 $5 $146 (17... Qxc3) 18. c4 Qc5 19. Nd5
Na5 20. Rb1 Ra7 21. Qd2 f6 22. Qc3 Kf7 23. Rfd1 b6 24. Nxb6 Nxc4 25. Nxc4 Bxc4
$15 26. Rb2 Rc7 27. Qd2 Bb5 28. Rc1 Qc3 29. Qd5+ Kg7 30. Rb3 Qc4 31. Qxc4 Rxc4
32. f3 gxf3 33. gxf3 g4 34. fxg4 Rxe4 35. Re1 Rxe1+ 36. Bxe1 Rc8 37. Rc3 Bc4
38. a3 d5 39. Re3 e5 40. c3 e4 41. h4 Rb8 42. Bg3 Rb1+ 43. Kf2 Rb2+ 44. Ke1 Rg2
45. g5 fxg5 46. hxg5 Kg6 47. Bd6 Bd3 48. Rg3 Re2+ 49. Kd1 Rb2 50. Bb4 Ra2 51.
Ke1 Bc4 52. Be7 a5 53. Bc5 Bd3 54. Be7 Rc2 55. Bf6 Ra2 56. Be7 Bb5 57. Bd6 Be8
58. Bc5 Rb2 59. Bd6 Ra2 60. Be7 Kf5 61. Bd8 Rxa3 62. g6 d4 63. Rg5+ Kf4 64.
cxd4 Rg3 65. g7 Bf7 66. Rxg3 Kxg3 67. Bxa5 Kf4 68. Bc7+ Ke3 69. Bb6 Kd3 70. Bc5
e3 1/2-1/2

[Event "POL-chT 66th"]
[Site "Katowice"]
[Date "2010.09.06"]
[Round "3"]
[White "Socko, Bartosz"]
[Black "Kempinski, Robert"]
[Result "0-1"]
[WhiteElo "2657"]
[BlackElo "2615"]
[Annotator "RR"]
[PlyCount "80"]
[EventDate "2010.09.04"]
[EventType "team-tourn"]
[EventRounds "9"]
[EventCountry "POL"]
[SourceTitle "EXT 2016"]
[Source "ChessBase"]
[SourceDate "2015.10.08"]
[SourceVersion "1"]
[SourceVersionDate "2015.10.08"]
[SourceQuality "1"]
[WhiteTeam "Katowice Szopienice"]
[BlackTeam "Wroclaw"]
[WhiteTeamCountry "POL"]
[BlackTeamCountry "POL"]

1. e4 c5 2. Nf3 d6 3. d4 cxd4 4. Nxd4 Nf6 5. Nc3 a6 6. Be3 e5 7. Nb3 Be7 8. Qd2
(8. f3 Be6 9. Qd2 h5 10. Nd5 Bxd5 11. exd5 Nbd7 12. Be2 O-O 13. O-O Qb8 14. Kh1
Bd8 15. c4 Bb6 16. Bxb6 Nxb6 17. f4 e4 18. Nd4 Qc8 19. Rac1 Re8 20. b4 Qd7 21.
Nc2 Nc8 22. Ne3 Ne7 23. f5 Rec8 24. Rf4 b5 25. g4 bxc4 26. g5 c3 27. Qd4 Nh7
28. Bxh5 Nxg5 29. h4 Nh7 30. Rg1 f6 31. Qxe4 Kh8 32. Bf7 Qa7 33. Be6 Rc7 34.
Nc4 Rd8 35. Rc1 Qb7 36. Rxc3 Qxb4 37. Rb3 Qc5 {Saric,I (2666)-Nepomniachtchi,I
(2735) Poikovsky 2014 1-0}) 8... O-O 9. O-O-O a5 $1 (9... Be6) 10. Kb1 a4 11.
Nc1 a3 12. b3 Be6 13. f4 $146 (13. f3 {Plus courant} Ra5 14. Bc4 (14. g4 d5
$132 {Demchenko,A (2619)-Filipenko,A (2294) Izhevsk Corporation Cup 6th 2014 
(2) 1-0}) 14... Bxc4 15. bxc4 {Karjakin,S (2725)-Grischuk,A (2756)
Amber-blindfold 19th rapid 2010 (8) 0-1}) 13... exf4 $1 14. Bxf4 Nc6 15. Bxd6
$6 {Il est trés risqué d'accepter le sacrifice} Bxd6 16. Qxd6 Qa5 {[%cal
Ga5c3,Gf8d8]} 17. Qd2 Rfd8 $44 18. Bd3 Nb4 {[%csl Rd2]} 19. Nd5 {Les Blancs
espèrent simplifier la position en rendant le P} Nbxd5 20. Qxa5 Rxa5 21. exd5
Nxd5 {[%csl Rb1,Rd1][%cal Gd5c3]} 22. Ka1 Raa8 {[%cal Gd5c3] Une précaution
indispensable} (22... Nc3 23. Bxh7+) 23. Rd2 g6 24. c4 Nb4 $17 {[%csl Gb4]} 25.
Rhd1 Ra5 (25... Kg7) 26. Bb1 Rxd2 27. Rxd2 Bf5 $1 {[%csl Ra1]} 28. Ne2 Re5 29.
Bxf5 Rxf5 30. Ng3 Rf4 31. Kb1 h5 $1 $40 {[%cal Gh5h4]} 32. c5 h4 33. Ne2 Rf2
$19 {[%csl Ra2,Rd2,Re2,Rg2]} 34. Rd4 Nc6 35. Rd2 Rxg2 36. h3 g5 37. Kc1 g4 38.
Nf4 Rxd2 39. Kxd2 gxh3 40. Nxh3 Nb4 {Une partie à sens unique} 0-1

[Event "POL-chT 66th"]
[Site "Katowice"]
[Date "2010.09.05"]
[Round "2"]
[White "Tazbir, Marcin"]
[Black "Kuczynski, Robert"]
[Result "1-0"]
[WhiteElo "2523"]
[BlackElo "2511"]
[Annotator "RR"]
[PlyCount "79"]
[EventDate "2010.09.04"]
[EventType "team-tourn"]
[EventRounds "9"]
[EventCountry "POL"]
[SourceTitle "EXT 2016"]
[Source "ChessBase"]
[SourceDate "2015.10.08"]
[SourceVersion "1"]
[SourceVersionDate "2015.10.08"]
[SourceQuality "1"]
[WhiteTeam "Wroclaw"]
[BlackTeam "Wroclaw AZS WSB"]
[WhiteTeamCountry "POL"]
[BlackTeamCountry "POL"]

1. e4 c5 2. Nf3 d6 3. d4 cxd4 4. Nxd4 Nf6 5. Nc3 a6 6. Be3 e5 7. Nf3 (7. Nb3)
7... Be7 8. a4 O-O (8... Be6 9. Be2 h6 10. O-O Nbd7 11. a5 Rc8 12. Nd2 O-O 13.
Bf3 Nh7 14. Re1 Qc7 15. Nf1 Ng5 16. Ng3 Rfe8 17. Bg4 Nf6 18. Bf5 Qc6 19. h4
Ngh7 20. Qf3 Bf8 21. h5 Red8 22. Red1 Qe8 23. Rd2 Rc4 24. Nd5 Bxf5 25. Qxf5
Nxd5 26. exd5 Rdc8 27. c3 Qd8 28. Ne4 Nf6 29. Bb6 Qe8 30. Nxf6+ gxf6 31. g3 Bg7
32. Rd3 Kf8 33. Re1 Ke7 34. Ree3 Qd7 35. Rf3 Rg4 36. Qxd7+ Kxd7 37. Rf5 Rg5 38.
Rdf3 {Yu,Y (2675)-Lu,S (2562) China 2013 0-1 (70)}) 9. Be2 Be6 10. O-O Nc6 11.
Ng5 $5 (11. Nd2 d5) 11... Bd7 12. Qd2 $146 (12. f4 h6 13. Nf3 Ng4 14. Qd2 Nxe3
15. Qxe3 exf4 16. Qxf4 Qb6+ 17. Kh1 Qxb2 18. Nd5 Qxc2 19. Nxe7+ Nxe7 20. Qxd6
Qxe2 21. Qxd7 Ng6 22. Rfe1 Qf2 23. Rf1 Qc2 24. Rac1 Qxe4 25. Rfe1 Qf4 26. Qxb7
Qxa4 27. Rc7 Qa2 28. Rec1 Rab8 29. Qe4 Rb2 30. Nd4 Qa4 31. Qe3 Re8 32. Qc3 Qb4
33. Qxb4 Rxb4 34. Nc2 Rb2 35. Kg1 Re2 36. Ne1 Nf4 37. R7c2 Rbxc2 38. Nxc2 Rxg2+
39. Kh1 Nd3 40. Kxg2 Nxc1 {0-1 (40) Seguljev,D (2034)-Vajdic,N (2228) Sombor
2004}) 12... h6 13. Nf3 Be6 14. Rfd1 Rc8 15. Ne1 {[%csl Gd5][%cal Ge2f3,Ge1c2]}
Re8 16. Bf3 Bf8 $132 17. b3 $6 {[%csl Rc3]} Ne7 {[%csl Rc3][%cal Gd6d5,Gd8c7]}
18. Qd3 g6 (18... d5 $5) 19. a5 Qc7 20. Na4 d5 $1 21. Bb6 Qc6 22. Nc5 $1 {
[%cal Gc5b7,Gc5e6,Gc5e4]} d4 (22... Bf5 $5 23. exf5 e4 {[%cal Ge7f5]} 24. Qc3
exf3 (24... d4 $1 {Un coup difficile à trouver devant l'échiquier} 25. Rxd4
exf3)) (22... dxe4 23. Nxe4 Bf5 24. Nxf6+ Qxf6 25. Be4 Bxe4 $11) 23. c3 $1 Nd7
24. Nxd7 Qxd7 25. cxd4 exd4 26. Qxd4 Qxd4 27. Bxd4 Nc6 (27... Bxb3 28. Rdb1 {
[%cal Gb1b7]}) 28. Bf6 Bb4 29. Nd3 Bxa5 30. Nc5 Rc7 $6 (30... Bd8 $142 31. Bb2
(31. Bxd8 Nxd8 {[%cal Gd8b7]}) 31... Ne5 32. b4 Nxf3+ 33. gxf3 Bg5 $132 {
[%csl Gg5][%cal Gg5f4]}) 31. e5 Bb6 32. Nxe6 Rxe6 33. Rd5 {[%csl Rb6,Gf6,Rg8]
Le Bb6 est mal placé pour défendre l'aile-roi} Re8 34. Rad1 $16 h5 35. h4
Rcc8 36. g4 Nb4 $2 37. Rd7 Rc2 38. Rxb7 Bxf2+ 39. Kh1 a5 40. e6 1-0